|
|
|
|
| LEADER |
00000cam a2200000 c 4500 |
| 001 |
1602502846 |
| 003 |
DE-627 |
| 005 |
20241119235528.0 |
| 007 |
tu |
| 008 |
850101r19711847xx ||||| b 00| ||lat c |
| 020 |
|
|
|a 9060322223
|9 90-6032-222-3
|
| 035 |
|
|
|a (DE-627)1602502846
|
| 035 |
|
|
|a (DE-576)004011635
|
| 035 |
|
|
|a (DE-599)BSZ004011635
|
| 035 |
|
|
|a (OCoLC)310461775
|
| 035 |
|
|
|a (DE-604)8071871616
|
| 040 |
|
|
|a DE-627
|b ger
|c DE-627
|e rakwb
|
| 041 |
|
|
|a lat
|
| 084 |
|
|
|a 1
|2 ssgn
|
| 084 |
|
|
|a BB 1330
|2 rvk
|0 (DE-625)rvk/9131:
|
| 245 |
0 |
0 |
|a Corpus dissertationum theologicarum
|b sive catalogus commentationum, programmatum aliarumque scriptionum academicarum ab antiquissimo suque ad nostrum tempus editarum, ad exegeticam, dogmaticam, moralem ac reliquas disciplinas theologicas spectantium, quae in uberrima collectione Weigeliana Lipsiensi prostant
|c praef. est et ind. conscripsit Otto Fiebig
|
| 250 |
|
|
|a Repr. [d. Ausg.] Lipsiae 1847
|
| 264 |
|
1 |
|a Amsterdam
|b Grüner
|c 1971
|
| 300 |
|
|
|a IV, 349 S.
|
| 336 |
|
|
|a Text
|b txt
|2 rdacontent
|
| 337 |
|
|
|a ohne Hilfsmittel zu benutzen
|b n
|2 rdamedia
|
| 338 |
|
|
|a Band
|b nc
|2 rdacarrier
|
| 534 |
|
|
|c 1847
|
| 655 |
|
7 |
|a Bibliografie
|0 (DE-588)4006432-3
|0 (DE-627)104814519
|0 (DE-576)208865578
|2 gnd-content
|
| 689 |
0 |
0 |
|d s
|0 (DE-588)4015875-5
|0 (DE-627)104452455
|0 (DE-576)208913998
|2 gnd
|a Evangelische Theologie
|
| 689 |
0 |
1 |
|d s
|0 (DE-588)4012494-0
|0 (DE-627)104137908
|0 (DE-576)208898727
|2 gnd
|a Dissertation
|
| 689 |
0 |
2 |
|q z
|2 gnd
|a Geschichte Anfänge-1847
|
| 689 |
0 |
|
|5 (DE-627)
|
| 700 |
1 |
|
|8 1\p
|e Bearb.
|0 (DE-588)1157516645
|0 (DE-627)1020296437
|0 (DE-576)503019623
|4 adp
|a Fiebig, Otto
|
| 751 |
|
|
|a Amsterdam
|0 (DE-588)4001783-7
|0 (DE-627)106395750
|0 (DE-576)208844317
|4 pup
|
| 883 |
|
|
|8 1\p
|a cgwrk
|d 20241001
|q DE-101
|u https://d-nb.info/provenance/plan#cgwrk
|
| 935 |
|
|
|a mteo
|
| 936 |
r |
v |
|a BB 1330
|b Nicht fachbezogene theologische Spezialbibliografien
|k Theologie und Religionswissenschaften
|k Allgemeines zur Theologie
|k Bibliografien
|k Nicht fachbezogene theologische Spezialbibliografien
|0 (DE-627)1270711326
|0 (DE-625)rvk/9131:
|0 (DE-576)200711326
|
| 951 |
|
|
|a BO
|
| ELC |
|
|
|b 1
|
| ITA |
|
|
|a 1
|
| LOK |
|
|
|0 000 xxxxxcx a22 zn 4500
|
| LOK |
|
|
|0 001 3085388451
|
| LOK |
|
|
|0 003 DE-627
|
| LOK |
|
|
|0 004 1602502846
|
| LOK |
|
|
|0 005 20100408120826
|
| LOK |
|
|
|0 008 000920||||||||||||||||ger|||||||
|
| LOK |
|
|
|0 040
|a DE-21-35
|c DE-627
|d DE-21-35
|
| LOK |
|
|
|0 541
|e 1972/41048
|
| LOK |
|
|
|0 852
|a DE-21-35
|
| LOK |
|
|
|0 852 1
|c Aa 8.00a
|m p
|9 00
|
| LOK |
|
|
|0 938
|k p
|
| LOK |
|
|
|0 939
|a 20-09-00
|b l01
|
| ORI |
|
|
|a SA-MARC-ixtheoa001.raw
|
| REF |
|
|
|a Theologiegeschichte
|
| STA |
0 |
0 |
|a Dissertation,Thesis,Protestant theology
|
| STB |
0 |
0 |
|a Thèse de doctorat,Théologie protestante
|
| STC |
0 |
0 |
|a Teología evangélica,Tesis de doctorado
|
| STD |
0 |
0 |
|a Teologia evangelica,Tesi di dottorato
|
| STE |
0 |
0 |
|a 博士论文,论文,博士学位论文,新教神学,更正教神学
|
| STF |
0 |
0 |
|a 博士論文,論文,博士學位論文,新教神學,更正教神學
|
| STG |
0 |
0 |
|a Teologia evangélica,Tese de doutorado
|
| STH |
0 |
0 |
|a Диссертация,Протестантское богословие
|
| STI |
0 |
0 |
|a Διδακτορική διατριβή,Ευαγγελική θεολογία
|
| SYG |
0 |
0 |
|a Blätter zur kirchlichen Lage,Zwischen den Zeiten , Protestantische Theologie,Evangelische Kirche , Doktorarbeit,Dissertationen,Disputation
|